000 01001nam a22001937a 4500
999 _c63505
_d63505
003 Ge_BSU
005 20251023165800.0
008 251020s2025 ge ||||| |||| 00| 0 geo d
041 _ageo
080 _a821.353.1-092 ფ-95
245 _aვაჟა-ფშაველა /
_cიდეის ავტორი ვახტანგ ვეფხვაძე; რედაქტორი ა. მორჩილაძე; შემდგ. ნ. ფრუიძე; მხატვ. გ. ზირაქიშვილი.
264 _aთბილისი,
_c2025.
300 _a384 გვ.;
_c22 სმ.
700 _a ვეფხვაძე, ვახტანგ
_eიდეის ავტორი
_926079
700 _aმორჩილაძე, ა.
_eრედაქტორი
_926080
700 _aფრუიძე, ნ.
_eშემდგენელი
_924372
700 _a ზირაქიშვილი, გ.
_eმხატვარი
_926081
942 _2udc
_cᲬᲘᲒᲜᲘ